00586nam a2200169 a 450000100060000000300090000600800410001502000150005604000280007108200090009924500430010826000390015130000060019050001200019665000460031665000540036213477CO-ViMGA141112s2004 ck r 000 u spa d a9706079823 aCO-ViMGAbspacCO-ViMGA04aENCp10aEnciclopedia de preguntas y respuestas aMexico, c.D.F. : Larousse, c1999 a3 aV.1 : La tierra y el espacio. Ciencias V.2 : Animales y plantas. Cuerpo Humano. V.3 : Pueblos y paises. Historia. 14aENCICLOPEDIAS Y DICCIONARIOS PARA NIÑOS14aPREGUNTAS Y RESPUESTAS INFANTILES - ENCICLOPEDIAS